Disney Baby/Kinder Namen - Statistiken

Allgemein
  • Dieses Quiz wurde 114 mal gespielt
  • Das Durchschnittsergebnis liegt bei 9 aus 16
Antwortstatistiken
Bildquiz Antwort % Korrekt
Simba
97%
Bambi
96%
Dumbo
95%
Tiana
75%
Bolt
72%
Baby Groot
67%
Mogli
67%
Herkules
59%
Kuzco
52%
Arlo
46%
Pegasus
46%
Jack Jack
34%
Toulouse
29%
Nick Wilde
24%
Patch
18%
Molly
9%
Keine übereinstimmenden Quizze gefunden
Verteilung der Resultate
Anzahl Personen mit jedem Resultat
Perzentil nach korrekt beantworteten Fragen
Ihre Resultats-Entwicklung
Sie haben dieses Quiz noch nicht gespielt